Statistics for Japanese Culture

Click here to take the quiz!

General Stats

  • This quiz has been taken 235 times
    (230 since last reset)
  • The average score is 7 of 15

Answer Stats

HintAnswer% Correct
Number of main islands4
85%
Tokyo's former nameEdo
85%
Cultural capital of JapanKyoto
80%
Indigenous religionShinto
71%
Name of largest islandHonshu
70%
Summer cotton kimonoYukata
46%
City known for Bunraku and Japanese theatreOsaka
45%
Japanese drumsTaiko
39%
Japanese flower arrangingIkebana
26%
Traditional stringed instrument which sits on the groundKoto
26%
Apprentice geishaMaiko
23%
Japanese word for tea ceremonyChado
20%
Bunraku is this type of playPuppet
17%
Era during which culture thrived. Japanese "Renaissance "Heian
11%
Meaning of the Japanese word for tea ceremonyWay of tea
10%

Score Distribution

Percentile by Number Answered

Percent of People with Each Score

Your Score History

You have not taken this quiz since the last reset